Black child / (Record no. 912)

MARC details
000 -LEADER
fixed length control field 00967pam a2200289 a 4500
005 - DATE AND TIME OF LATEST TRANSACTION
control field 20260322212039.0
008 - FIXED-LENGTH DATA ELEMENTS--GENERAL INFORMATION
fixed length control field data
010 ## - LIBRARY OF CONGRESS CONTROL NUMBER
LC control number 81048102
020 ## - INTERNATIONAL STANDARD BOOK NUMBER
International Standard Book Number 0394514459 :
Terms of availability {dollar}16.95
020 ## - INTERNATIONAL STANDARD BOOK NUMBER
International Standard Book Number 0394709594 (pbk.) :
Terms of availability {dollar}8.95
020 ## - INTERNATIONAL STANDARD BOOK NUMBER
International Standard Book Number 9780394514451 :
Terms of availability {dollar}16.95
020 ## - INTERNATIONAL STANDARD BOOK NUMBER
International Standard Book Number 9780394709598 (pbk.) :
Terms of availability {dollar}8.95
040 ## - CATALOGING SOURCE
Original cataloging agency DLC
Transcribing agency DLC
Modifying agency DLC
043 ## - GEOGRAPHIC AREA CODE
Geographic area code f-sa---
050 00 - LIBRARY OF CONGRESS CALL NUMBER
Classification number DT763.6
Item number .M33 1982
082 00 - DEWEY DECIMAL CLASSIFICATION NUMBER
Classification number 968/.00496
Edition information 19
092 ## - LOCALLY ASSIGNED DEWEY CALL NUMBER (OCLC)
Classification number 968 M33 1982
001 - CONTROL NUMBER
control field data
100 1# - MAIN ENTRY--PERSONAL NAME
Personal name Magubane, Peter.
245 10 - TITLE STATEMENT
Title Black child /
Statement of responsibility, etc. Peter Magubane.
250 ## - EDITION STATEMENT
Edition statement 1st ed.
260 ## - PUBLICATION, DISTRIBUTION, ETC.
Place of publication, distribution, etc. New York :
Name of publisher, distributor, etc. Distributed by Random House,
-- Distributed by Random House,
Date of publication, distribution, etc. 1982.
300 ## - PHYSICAL DESCRIPTION
Extent 102 p. :
Other physical details chiefly ill. ;
Dimensions 28 cm.
650 #0 - SUBJECT ADDED ENTRY--TOPICAL TERM
Topical term or geographic name entry element Blacks
Geographic subdivision South Africa
General subdivision Social conditions
Form subdivision Pictorial works.
650 #0 - SUBJECT ADDED ENTRY--TOPICAL TERM
Topical term or geographic name entry element Children, Black
Geographic subdivision South Africa
General subdivision Social conditions
Form subdivision Pictorial works.
651 #0 - SUBJECT ADDED ENTRY--GEOGRAPHIC NAME
Geographic name South Africa
General subdivision Social conditions
Chronological subdivision 1961-1994
Form subdivision Pictorial works.
Holdings
Withdrawn status Lost status Damaged status Not for loan Home library Current library Shelving location Date acquired Total checkouts Full call number Barcode Date last seen Price effective from Koha item type
        Centerville Centerville General stacks 22/03/2026   968/.00496 19 BC0010940 22/03/2026 22/03/2026 Books